000 01228ngm a22003970a 4500
001 PT13372
003 AR-LpoUNG
005 20210202000233.0
007 vd cvaizq
008 191001s1995||||ag |||||||||||||||||spa d
037 _c$5.55
037 _c$8.30
040 _aAR-LpoUNG
_bspa
_cAR-LpoUNG
_eaacr
041 _aspa
044 _aag
082 0 _a982.06 775lla
100 1 _aArruti, Mariana
_edir.
245 1 4 _aLos llamaban los presos de Bragado
260 _aBuenos Aires :
_bFundación Alumbrar,
_cmayo de 1995.
300 _aVHS : son., col.
505 0 _aMúsica: Bernardo Baraj. - Mediometraje con la actuación de Pascual Vuotto, Carlos Carella y Osvaldo Bayer
520 _aDocumental acerca de Pascual Vuotto, un anarquista injustamente condenado a cadena perpetua en 1930, que encabezó desde allí una larga lucha que trascendió las fronteras.
650 4 _aDERECHO
650 4 _aDERECHO PENAL
650 4 _aPRISIONES
650 4 _aPROBLEMAS SOCIALES
650 4 _aSANCIONES PENALES
650 4 _aSISTEMA JUDICIAL
650 4 _aSOCIEDAD
650 4 _aSOCIEDAD
653 _aCINE ARGENTINO
653 _aDOCUMENTALES
653 _aVIDEOS
905 _a13372
942 _cVIDEO
999 _c54410
_d54410